Assassinations in Modern East Asia - Statistics

General Stats
  • This quiz has been taken 11 times
  • The average score is 8 of 23
Answer Stats
Country of Origin and Date Assassinated Answer % Correct
Japan | July 8th, 2022 Shinzo Abe
100%
North Korea | February 13th, 2017 Kim Jong-Nam
71%
South Korea | June 26th, 1949 Kim Ku
43%
South Korea | October 26th, 1979 Park Chung-Hee
43%
China | May 18th, 1916 Chen Qimei
29%
(Rumored) Korea | January 21st, 1919 Emperor Gojong
29%
China | November 14th, 1908 Emperor Guangxu
29%
(Rumored) China | September 1st, 1948 Feng Yuxiang
29%
Japan | November 4th, 1921 Hara Takashi
29%
Japan | May 15th, 1932 Inukai Tsuyoshi
29%
Japan | October 26th, 1909 Ito Hirobumi
29%
Joseon | March 28th, 1894 Kim Ok-gyun
29%
China | August 20th, 1925 Liao Zhongkai
29%
Japan | August 12th, 1935 Nagata Tetsuzan
29%
Japan | May 14th, 1878 Okubo Toshimichi
29%
Joseon | October 8th, 1895 Queen Min
29%
Japan | December 10th 1867 Sakamoto Ryoma
29%
China | March 22nd, 1913 Song Jiaoren
29%
China | November 13th, 1935 Sun Chuanfang
29%
Japan | February 26th, 1936 Takahashi Korekiyo | Saito Makoto | Wantanabe Jotaro
29%
South Korea | August 15th, 1974 Yuk Young-Soo
29%
China | September 3rd, 1932 Zhang Zongchang
29%
China | June 4th, 1928 Zhang Zuolin
29%
No matching quizzes found
Score Distribution
Percent of People with Each Score
Percentile by Number Answered
Your Score History
You have not taken this quiz